Logo Biblioteca

Los ojos del perro siberiano / (Registro nro. 935)

Detalles MARC
000 -LEADER
fixed length control field 01214nam a22002657a 4500
003 - CONTROL NUMBER IDENTIFIER
control field AR-RoUNCS
005 - DATE AND TIME OF LATEST TRANSACTION
control field 20260305113941.0
007 - PHYSICAL DESCRIPTION FIXED FIELD--GENERAL INFORMATION
fixed length control field ta
008 - FIXED-LENGTH DATA ELEMENTS--GENERAL INFORMATION
fixed length control field 140822s2007 ag jr 001 f spa
015 ## - NATIONAL BIBLIOGRAPHY NUMBER
National bibliography number AR-2007
020 ## - INTERNATIONAL STANDARD BOOK NUMBER
International Standard Book Number 958-04-4391-2
040 ## - CATALOGING SOURCE
Original cataloging agency AR-BaBN
Language of cataloging spa
Transcribing agency AR-RoUNCS
Description conventions aacr
044 ## - COUNTRY OF PUBLISHING/PRODUCING ENTITY CODE
MARC country code ag
ISO country code ar-c
080 1# - UNIVERSAL DECIMAL CLASSIFICATION NUMBER
Universal Decimal Classification number 82-32(82)
Edition identifier 2016
100 1# - MAIN ENTRY--PERSONAL NAME
Personal name Santa Ana, Antonio,
Dates associated with a name 1963-
Relator term autor
Relationship aut
245 14 - TITLE STATEMENT
Title Los ojos del perro siberiano /
Statement of responsibility, etc. Antonio Santa Ana.
260 ## - PUBLICATION, DISTRIBUTION, ETC.
Place of publication, distribution, etc. Buenos Aires :
Name of publisher, distributor, etc. Grupo Editorial Norma,
Date of publication, distribution, etc. 2007.
300 ## - PHYSICAL DESCRIPTION
Extent [135] p. ;
Dimensions 21 cm.
490 0# - SERIES STATEMENT
Series statement Zona Libre
520 3# - SUMMARY, ETC.
Summary, etc. «Hay cosas de las que es mejor no hablar. Eso creen la madre y el padre de Ezequiel. Pero su hermano menor quiere saber qué pasa, entender por qué Ezequiel está enfermo y por qué hay una parte de la familia que eligió abandonarlo. Los pocos encuentros entre los hermanos, a veces a escondidas, renovarán ese vínculo y darán forma al legado fraternal hecho de libros, música, un perro y una crítica conjunta a la tradición familiar».
Assigning source (Descripción del editor).
650 #7 - SUBJECT ADDED ENTRY--TOPICAL TERM
Source of heading or term embne
Topical term or geographic name entry element Literatura argentina
655 #7 - INDEX TERM--GENRE/FORM
Genre/form data or focus term Novelas juveniles
Source of term embne
655 #7 - INDEX TERM--GENRE/FORM
Genre/form data or focus term Novelas cortas
Source of term embne
942 ## - ADDED ENTRY ELEMENTS (KOHA)
Source of classification or shelving scheme Universal Decimal Classification
Koha item type Obra General
Suppress in OPAC No
Existencias
Withdrawn status Lost status Source of classification or shelving scheme Damaged status Not for loan Collection Home library Current library Date acquired Source of acquisition Total checkouts Full call number Barcode Date last seen Price effective from Koha item type
    Universal Decimal Classification     Colección General Biblioteca Escuela de Ciencias Sociales Biblioteca Escuela de Ciencias Sociales 05/03/2026 Donación 2023   82-32(82) SA231 000268 05/03/2026 05/03/2026 Obra General
Biblioteca de la Escuela Preuniversitaria en Ciencias Sociales y Humanísticas.
Riobamba 250 bis.
CP 2000 - Rosario - Santa Fe
E-Mail: biblioteca@esociales.unr.edu.ar